Rôzne prístupy k reštrukturalizácii bankového sektora
Ekonomický rast a zdravý finančný sektor. Finančná kríza zasiahla zdravie bankového sektora viacerých vyspelých krajín. Strata dôvery v bankový sektor a záujem štátu o jeho ozdravenie. Základné modely reštrukturalizácie bankového sektora. Odlišné možnosti krajín v riešení súčasných problémov bankový...
Gespeichert in:
| 1. Verfasser: | |
|---|---|
| Format: | Buchkapitel |
| Sprache: | Slowakisch |
| Schlagworte: | |
| Tags: |
Keine Tags, Fügen Sie das erste Tag hinzu!
|
MARC
| LEADER | 00000nla$a2200000$$$4500 | ||
|---|---|---|---|
| 001 | 0110752 | ||
| 005 | 20240502072226.8 | ||
| 041 | 0 | |a slo | |
| 044 | |a SK | ||
| 245 | 1 | 0 | |a Rôzne prístupy k reštrukturalizácii bankového sektora |c Zdenka Střelecká |
| 520 | |a Ekonomický rast a zdravý finančný sektor. Finančná kríza zasiahla zdravie bankového sektora viacerých vyspelých krajín. Strata dôvery v bankový sektor a záujem štátu o jeho ozdravenie. Základné modely reštrukturalizácie bankového sektora. Odlišné možnosti krajín v riešení súčasných problémov bankových sektorov. | ||
| 610 | 2 | 0 | |a kríza finančná |
| 610 | 2 | 0 | |a bankovníctvo |
| 610 | 2 | 0 | |a banky |
| 610 | 2 | 0 | |a reštrukturalizácia |
| 610 | 2 | 0 | |a modely |
| 100 | 1 | |a Střelecká, Zdenka | |